000 00433nam a2200157 a 4500
001 000025648
005 20200930023937.0
008 110218s1975 ve a r 000 0 spa d
040 _aDO-SdBNP
_bspa
_cBNPHU
082 _ann*
_bnn*
100 1 _aRosales F., Hernan.
_952384
245 1 3 _aEl sesquicentenario de Rubio /
_cHernan Rosales F.
260 _aCaracas :
_b[s.n.],
_c1975.
300 _a125 p. :
_bil. ;
_c23 cm.
049 _aBNGR
999 _c25140
_d25140